[Event "ChessKid Cup Div 3 W"]
[Site "chess.com INT"]
[Date "2023.05.22"]
[Round "1.2"]
[White "Donchenko, Alexander"]
[Black "Yu, Yangyi"]
[Result "1/2-1/2"]
[WhiteTitle "GM"]
[BlackTitle "GM"]
[WhiteElo "2669"]
[BlackElo "2729"]
[WhiteFideId "24603295"]
[BlackFideId "8603820"]
[EventDate "2023.05.22"]
[EventType "k.o."]

1. c4 c6 2. Nf3 d5 3. e3 Nf6 4. Nc3 g6 5. b3 Bg7 6. Bb2 O-O 7. Be2 b6 8. O-O Bb7
9. d4 Nbd7 10. cxd5 cxd5 11. a4 a6 12. Bd3 Re8 13. h3 Ne4 14. Qe2 e5 15. dxe5
Nxe5 16. Nxe5 Bxe5 17. Nxe4 dxe4 18. Bc4 Qg5 19. Rad1 Bxb2 20. Qxb2 b5 21. Rd7
bxc4 22. Rxb7 Rac8 23. Rc1 cxb3 24. Rd1 Red8 25. Qxb3 Rxd1+ 26. Qxd1 Qf6 27. Qb1
Qc6 28. Rb8 Rxb8 29. Qxb8+ Kg7 30. Qe5+ Kf8 31. a5 h5 32. Kh2 f6 33. Qb8+ Ke7
34. Kg3 g5 35. Qa7+ Ke6 36. Kh2 Qd6+ 37. g3 h4 38. Qb7 hxg3+ 39. Kg2 gxf2 40.
Qxe4+ Kf7 41. Qb7+ Ke6 42. Qc8+ Ke7 43. Qc2 Qd5+ 44. Kxf2 Qxa5 45. Qe4+ Kd6 46.
Qd4+ Ke6 47. Qe4+ Kd6 48. Qd4+ Ke6 49. Qe4+ Kd6 1/2-1/2

[Event "ChessKid Cup Div 3 W"]
[Site "chess.com INT"]
[Date "2023.05.22"]
[Round "1.1"]
[White "Keymer, Vincent"]
[Black "Tang, Andrew"]
[Result "1/2-1/2"]
[WhiteTitle "GM"]
[BlackTitle "GM"]
[WhiteElo "2700"]
[BlackElo "2523"]
[WhiteFideId "12940690"]
[BlackFideId "2059630"]
[EventDate "2023.05.22"]
[EventType "k.o."]

1. d4 d5 2. c4 e6 3. Nc3 Be7 4. cxd5 exd5 5. Bf4 c6 6. e3 Bf5 7. Nge2 Nd7 8. h4
Nb6 9. Ng3 Be6 10. Nh5 Kf8 11. Bd3 g6 12. Ng3 Bxh4 13. Qf3 Bf6 14. O-O-O h5 15.
Nge2 g5 16. Be5 Nd7 17. Bd6+ Be7 18. Qg3 h4 19. Bxe7+ Qxe7 20. Qc7 Ndf6 21. Qe5
Rh5 22. f3 Re8 23. g4 Bxg4 24. Qxe7+ Rxe7 25. fxg4 Nxg4 26. Ng3 Rh8 27. Nf5 Nxe3
28. Nxe7 Nxd1 29. Ng6+ fxg6 30. Nxd1 Kg7 31. Nf2 Nf6 32. Rg1 h3 33. Rxg5 h2 34.
Rxg6+ Kf7 35. Nh1 Rh3 36. Rg3 Rxg3 37. Nxg3 Nh5 38. Nh1 Kf6 39. Kd2 Kg5 40. Ke3
Ng7 41. Kf3 Ne6 42. Kg3 Nxd4 43. Kxh2 Kf4 44. Kg2 Ke3 45. Bg6 Kd2 46. Nf2 Ne2
47. Bf5 b6 48. Bc8 c5 49. Kf3 Nc1 50. Be6 d4 51. a3 Kc2 52. b4 d3 53. bxc5 bxc5
54. Ke3 d2 55. Bf5+ Kc3 56. Ne4+ Kb3 57. Kxd2 Na2 58. Nxc5+ Kxa3 59. Kd3 Kb4 60.
Ne4 Nc1+ 61. Kc2 Nb3 62. Kb2 a5 63. Nc3 a4 64. Nd5+ Kc5 65. Ne3 Nd4 66. Be4 Kb4
67. Nd5+ Kc5 68. Ka3 Nb5+ 69. Kxa4 Kd4 70. Bh1 Nc3+ 71. Nxc3 Kxc3 1/2-1/2

[Event "ChessKid Cup Div 3 W"]
[Site "chess.com INT"]
[Date "2023.05.22"]
[Round "1.2"]
[White "Tang, Andrew"]
[Black "Keymer, Vincent"]
[Result "0-1"]
[WhiteTitle "GM"]
[BlackTitle "GM"]
[WhiteElo "2523"]
[BlackElo "2700"]
[WhiteFideId "2059630"]
[BlackFideId "12940690"]
[EventDate "2023.05.22"]
[EventType "k.o."]

1. d4 Nf6 2. Nf3 e6 3. Bf4 c5 4. e3 Nc6 5. Nbd2 h6 6. h3 d5 7. a3 cxd4 8. exd4
Qb6 9. Nb3 Bd7 10. c3 Be7 11. Bd3 O-O 12. O-O Ne4 13. a4 a5 14. Bxe4 dxe4 15.
Nfd2 f5 16. f3 exf3 17. Qxf3 Kh7 18. Rfe1 Rae8 19. Kh1 Nd8 20. Qg3 Nf7 21. Bc7
Qa6 22. Nxa5 e5 23. Nab3 e4 24. Nc5 Qc6 25. b4 Bc8 26. b5 Qd5 27. Nf1 Bxc5 28.
Ne3 Qe6 29. dxc5 g5 30. Qf2 f4 31. Ng4 Qg6 32. Qd4 Bxg4 33. hxg4 h5 34. gxh5
Qxh5+ 35. Kg1 e3 36. Qd3+ Kg7 37. Qd4+ Kg6 38. Qd3+ Kg7 39. Qe2 Qh6 40. Qg4 Rh8
41. Kf1 Qg6 42. Kg1 Qh7 43. Kf1 Qc2 44. Kg1 Qf2# 0-1

[Event "ChessKid Cup Div 3 W"]
[Site "chess.com INT"]
[Date "2023.05.22"]
[Round "1.1"]
[White "Lysyj, Igor"]
[Black "Santos Ruiz, Miguel"]
[Result "1/2-1/2"]
[WhiteTitle "GM"]
[BlackTitle "GM"]
[WhiteElo "2606"]
[BlackElo "2590"]
[WhiteFideId "4150120"]
[BlackFideId "22291482"]
[EventDate "2023.05.22"]
[EventType "k.o."]

1. d4 Nf6 2. c4 e6 3. Nf3 d5 4. g3 Bb4+ 5. Bd2 Be7 6. Bg2 Nbd7 7. O-O c6 8. Qc2
O-O 9. a3 a5 10. Bf4 h6 11. h4 a4 12. Nbd2 Nh5 13. e3 f5 14. Ne5 Nxf4 15. exf4
Nxe5 16. dxe5 b5 17. c5 Qa5 18. Nf3 b4 19. Rfc1 Bd7 20. Nd4 bxa3 21. bxa3 Rab8
22. Bf3 Rb7 23. Kg2 Kh8 24. h5 Rfb8 25. Ra2 Rf8 26. Bd1 Ra7 27. Rb2 Qc7 28. Qd2
Ra5 29. Qb4 Qa7 30. Qb7 Bxc5 31. Qxa7 Bxa7 32. Nxc6 Rc5 33. Rxc5 Bxc5 34. Bxa4
Ra8 35. Rb7 Bc8 36. Rb8 Rxb8 37. Nxb8 Bxa3 38. Bd7 Bxd7 39. Nxd7 Kg8 40. Nb8 Kf7
41. Nc6 Bc5 42. Kf3 Ke8 43. Na5 Kd7 44. Ke2 Bb6 45. Nb3 Kc6 46. f3 Kb5 47. Kd3
Kb4 48. Nd4 Bxd4 49. Kxd4 Kb5 50. g4 Kc6 51. Kc3 Kc5 52. Kd3 d4 53. gxf5 exf5
54. Kc2 Kc6 55. Kd2 Kc5 56. Kc2 Kc6 57. Kd2 Kc5 58. Kc2 1/2-1/2

[Event "ChessKid Cup Div 3 W"]
[Site "chess.com INT"]
[Date "2023.05.22"]
[Round "1.2"]
[White "Santos Ruiz, Miguel"]
[Black "Lysyj, Igor"]
[Result "0-1"]
[WhiteTitle "GM"]
[BlackTitle "GM"]
[WhiteElo "2590"]
[BlackElo "2606"]
[WhiteFideId "22291482"]
[BlackFideId "4150120"]
[EventDate "2023.05.22"]
[EventType "k.o."]

1. e4 e5 2. Nf3 Nc6 3. Bc4 Bc5 4. d3 Nf6 5. a4 a6 6. Be3 Bxe3 7. fxe3 d6 8. O-O
O-O 9. h3 Ne7 10. Nbd2 Ng6 11. c3 c6 12. d4 a5 13. Bb3 Qe7 14. Qe1 Be6 15. Bc2
Rae8 16. Qg3 Nh5 17. Qh2 Bc8 18. Rf2 Nf6 19. Raf1 b5 20. g4 Ba6 21. Bd3 Qb7 22.
axb5 cxb5 23. Qg3 b4 24. c4 exd4 25. exd4 Qb6 26. g5 Nh5 27. Qh2 Ngf4 28. c5
dxc5 29. dxc5 Qe6 30. Bxa6 Qxa6 31. Nd4 Qd3 32. Nf5 Nxh3+ 33. Kg2 Nxf2 34. Rxf2
g6 35. Nh6+ Kh8 36. Qc7 Qe3 37. Nxf7+ Rxf7 38. Qxf7 Qxg5+ 39. Kf1 Rd8 40. c6
Ng3+ 41. Ke1 Qe3+ 42. Kd1 Nxe4 0-1

[Event "ChessKid Cup Div 3 W"]
[Site "chess.com INT"]
[Date "2023.05.22"]
[Round "1.1"]
[White "Iniyan, P"]
[Black "Kamsky, Gata"]
[Result "1/2-1/2"]
[WhiteTitle "GM"]
[BlackTitle "GM"]
[WhiteElo "2525"]
[BlackElo "2665"]
[WhiteFideId "25002767"]
[BlackFideId "2000024"]
[EventDate "2023.05.22"]
[EventType "k.o."]

1. d4 Nf6 2. c4 e6 3. Nc3 Bb4 4. Qc2 c5 5. dxc5 Qc7 6. a3 Bxc5 7. e3 a6 8. b4
Be7 9. Nf3 b6 10. Bd3 Bb7 11. e4 d6 12. O-O Nbd7 13. Nd4 Ne5 14. f4 Nxd3 15.
Qxd3 Rc8 16. Bb2 Qxc4 17. Qe3 Qc7 18. Rac1 Qd7 19. Nf3 Qd8 20. e5 dxe5 21. Nxe5
O-O 22. Rfd1 Nd5 23. Nxd5 exd5 24. Ng4 Rxc1 25. Rxc1 d4 26. Bxd4 Qd5 27. Rc2 Bd8
28. Qe5 f6 29. Qxd5+ Bxd5 30. Ne3 Be4 31. Rc8 Be7 32. Rxf8+ Kxf8 33. Bxb6 Kf7
34. Kf2 Ke6 35. g4 g6 36. Nd1 Bd6 37. Ke3 Bg2 38. Nc3 g5 39. Ne2 Bf1 40. f5+ Kf7
41. Ng3 Bxg3 42. hxg3 Bb5 43. Bd4 Ba4 44. Kd2 Ke7 45. Bc3 Kf7 46. Bd4 Ke7 47.
Bb2 Kf7 48. Ke2 Ke7 49. Bc3 Kf7 50. Bb2 Ke7 51. Bc3 Kf7 52. Bb2 1/2-1/2

[Event "ChessKid Cup Div 3 W"]
[Site "chess.com INT"]
[Date "2023.05.22"]
[Round "1.2"]
[White "Kamsky, Gata"]
[Black "Iniyan, P"]
[Result "1/2-1/2"]
[WhiteTitle "GM"]
[BlackTitle "GM"]
[WhiteElo "2665"]
[BlackElo "2525"]
[WhiteFideId "2000024"]
[BlackFideId "25002767"]
[EventDate "2023.05.22"]
[EventType "k.o."]

1. e4 c5 2. Nf3 d6 3. d4 cxd4 4. Nxd4 Nf6 5. Nc3 a6 6. a4 e5 7. Nf3 Be7 8. Bc4
Be6 9. Bb3 Nbd7 10. Be3 Rc8 11. O-O Rxc3 12. bxc3 Nxe4 13. Bxe6 fxe6 14. Nd2
Nef6 15. Qb1 Qc7 16. Qb3 Kf7 17. Rab1 b5 18. axb5 axb5 19. Qxb5 Qxc3 20. Ne4
Nxe4 21. Qxd7 Qc8 22. Qa7 Qa8 23. f4 exf4 24. Rxf4+ Nf6 25. c4 Qxa7 26. Bxa7 Rc8
27. Rb8 Rc7 28. Bb6 Rc6 29. Bd8 e5 30. Rf1 Bxd8 31. Rxd8 Ke7 32. Ra8 Rxc4 33.
Ra7+ Nd7 34. Rb1 Rc8 35. Rbb7 Rd8 36. Kf2 Ke6 37. Ke3 h5 38. h3 g6 39. Rc7 Nf6
40. Re7+ Kf5 41. Rf7 Rb8 42. Rad7 Rb6 43. Rd8 h4 44. Kf2 Kg5 45. Ke2 Nh5 46. Rf2
Ng3+ 47. Kd1 Ne4 48. Rc2 Rb1+ 49. Ke2 Ng3+ 50. Kd2 Rf1 51. Rc4 Rf2+ 52. Ke1 Rf1+
53. Kd2 Rf4 54. Rxf4 Kxf4 55. Rf8+ Nf5 56. Rf6 g5 57. Ke2 d5 58. Rf8 d4 59. Rf6
Ke4 60. Rg6 Ng3+ 61. Kf2 Kf5 62. Rg8 e4 63. Rd8 Ke5 64. Rg8 Kf4 65. Rf8+ Nf5 66.
Ke2 d3+ 67. Kd2 Ke5 68. Re8+ Kf4 69. Rf8 g4 70. hxg4 Kxg4 71. Rg8+ Kf4 72. Rf8
Ke5 73. Re8+ Kd5 74. Kc3 Nd6 75. Rh8 Nf5 76. Rd8+ Ke5 77. Re8+ Kf4 78. Rf8 Kg5
79. Rg8+ Kf4 80. Rf8 Ke5 81. Re8+ Kd5 82. Rd8+ Nd6 83. Rh8 Nb5+ 84. Kd2 Kd4 85.
Rd8+ Ke5 86. Rh8 Nd6 87. Kc3 Nb5+ 88. Kd2 Nd6 89. Kc3 Kf4 90. Rxh4+ Ke3 91. g4
Nb5+ 92. Kb2 d2 93. Rh1 Ke2 94. Rh2+ Ke1 95. Rh1+ Ke2 96. g5 Nd4 97. g6 Nf5 98.
Kc2 e3 99. Rh2+ Ke1 100. Rh1+ Ke2 101. Rh2+ Ke1 102. Rh1+ Ke2 1/2-1/2

[Event "ChessKid Cup Div 3 W"]
[Site "chess.com INT"]
[Date "2023.05.22"]
[Round "1.3"]
[White "Iniyan, P"]
[Black "Kamsky, Gata"]
[Result "1/2-1/2"]
[WhiteTitle "GM"]
[BlackTitle "GM"]
[WhiteElo "2525"]
[BlackElo "2665"]
[WhiteFideId "25002767"]
[BlackFideId "2000024"]
[EventDate "2023.05.22"]
[EventType "k.o."]

1. d4 Nf6 2. c4 e6 3. Nf3 d5 4. Nc3 c6 5. Bg5 Nbd7 6. e3 Qa5 7. cxd5 exd5 8. Bd3
Ne4 9. O-O Nxg5 10. Nxg5 Be7 11. f4 Nf6 12. Qc2 h6 13. Nf3 Be6 14. Ne5 Rd8 15.
Kh1 Qc7 16. a3 h5 17. b4 a6 18. Na4 Bd6 19. Nc5 Bc8 20. a4 a5 21. bxa5 Qxa5 22.
Nb3 Qc7 23. a5 O-O 24. a6 bxa6 25. Bxa6 Ng4 26. Bxc8 Qxc8 27. Qe2 f6 28. Nxg4
hxg4 29. f5 Rfe8 30. Qxg4 Rxe3 31. Nd2 Qc7 32. Nf3 Re4 33. Qh5 Qf7 34. Qxf7+
Kxf7 35. Rfc1 Rc8 36. Ra6 Rf4 37. Ra7+ Kg8 38. Rd7 Bf8 39. Rxd5 cxd5 40. Rxc8
Rxf5 41. Rc7 Rf4 42. Rd7 g5 43. h3 g4 44. hxg4 Rxg4 45. Kh2 Re4 46. Kg3 Be7 47.
Rxd5 Kf7 48. Ra5 Bd6+ 49. Kf2 Bf4 50. Ra7+ Ke6 51. Ra6+ Kf7 52. d5 Rb4 53. Ra2
Ke7 54. g3 Bc7 55. Nh4 Kd6 56. Rd2 Bb6+ 57. Kg2 Bd4 58. Nf5+ Kxd5 59. g4 Ke4 60.
Re2+ Kf4 61. Nxd4 Rxd4 62. Rf2+ Kxg4 63. Rxf6 Rd2+ 64. Rf2 Rxf2+ 65. Kxf2 1/2-1/2

[Event "ChessKid Cup Div 3 W"]
[Site "chess.com INT"]
[Date "2023.05.22"]
[Round "1.1"]
[White "Vallejo Pons, Francisco"]
[Black "Raja, Harshit"]
[Result "1-0"]
[WhiteTitle "GM"]
[BlackTitle "GM"]
[WhiteElo "2712"]
[BlackElo "2515"]
[WhiteFideId "2205530"]
[BlackFideId "5089000"]
[EventDate "2023.05.22"]
[EventType "k.o."]

1. Nf3 Nf6 2. g3 d5 3. Bg2 g6 4. c4 c6 5. b3 Bg7 6. Bb2 O-O 7. O-O Bg4 8. d3
Nbd7 9. Nbd2 Re8 10. h3 Bxf3 11. Bxf3 e6 12. Bg2 a5 13. a3 Qb6 14. e3 Nh5 15. d4
Rad8 16. Qc2 c5 17. cxd5 exd5 18. Bxd5 cxd4 19. exd4 Bxd4 20. Nc4 Qc5 21. Bxd4
Qxd4 22. Rad1 Qc5 23. b4 axb4 24. axb4 Qxb4 25. Bxf7+ Kxf7 26. Nd6+ Kf8 27. Nxe8
Kxe8 28. Rfe1+ Kf7 29. Qc7 1-0

[Event "ChessKid Cup Div 3 W"]
[Site "chess.com INT"]
[Date "2023.05.22"]
[Round "1.2"]
[White "Raja, Harshit"]
[Black "Vallejo Pons, Francisco"]
[Result "0-1"]
[WhiteTitle "GM"]
[BlackTitle "GM"]
[WhiteElo "2515"]
[BlackElo "2712"]
[WhiteFideId "5089000"]
[BlackFideId "2205530"]
[EventDate "2023.05.22"]
[EventType "k.o."]

1. e4 c5 2. Nf3 e6 3. d4 cxd4 4. Nxd4 a6 5. Bd3 Bc5 6. Nb3 Be7 7. Qg4 Nf6 8.
Qxg7 Rg8 9. Qh6 Nc6 10. Nc3 b5 11. Be3 Ne5 12. O-O-O Bb7 13. Bd4 Qc7 14. Kb1
Rxg2 15. Qh3 Rg6 16. Rhe1 Rc8 17. f4 Nxd3 18. Qxd3 b4 19. Na4 Rg2 20. Bc5 d6 21.
Bxd6 Bxd6 22. Qxd6 Qxd6 23. Rxd6 Bxe4 24. Nd4 Rcxc2 25. Nxc2 Bxc2+ 26. Kc1 Bxa4
27. Rxa6 Bd7 28. f5 Rxh2 29. Rb6 Rh4 30. Rd1 Ke7 31. Rb7 exf5 32. Kc2 h5 33. Kb3
Re4 34. Rxb4 h4 35. Rb7 h3 36. a4 Ke6 37. a5 Ba4+ 38. Kc3 Bxd1 39. a6 Ra4 40. a7
h2 41. b3 Rxa7 0-1

[Event "ChessKid Cup Div 3 W"]
[Site "chess.com INT"]
[Date "2023.05.22"]
[Round "1.1"]
[White "Navara, David"]
[Black "Bok, Benjamin"]
[Result "0-1"]
[WhiteTitle "GM"]
[BlackTitle "GM"]
[WhiteElo "2678"]
[BlackElo "2607"]
[WhiteFideId "309095"]
[BlackFideId "1017063"]
[EventDate "2023.05.22"]
[EventType "k.o."]

1. d4 Nf6 2. Nf3 e6 3. Bf4 c5 4. e3 d5 5. c3 Bd6 6. Bg3 O-O 7. Nbd2 Qc7 8. Bd3
Nbd7 9. O-O Bxg3 10. hxg3 b6 11. e4 dxe4 12. Nxe4 Bb7 13. Qe2 cxd4 14. Nxd4 Nxe4
15. Bxe4 Bxe4 16. Qxe4 Nc5 17. Qc6 Rac8 18. Qxc7 Rxc7 19. Rad1 Na4 20. Rd2 Rd8
21. f4 g6 22. g4 b5 23. Rff2 b4 24. Nb5 Rxd2 25. Rxd2 bxc3 26. Rd8+ Kg7 27. Nxc7
cxb2 28. Rd1 Nc3 29. Re1 Ne2+ 30. Rxe2 b1=Q+ 31. Kh2 Qc1 32. Nxe6+ fxe6 33. g3
h6 34. Kg2 Kf6 35. Kf2 a5 36. Kg2 a4 37. Kf2 g5 38. fxg5+ hxg5 39. Kg2 e5 40.
Rf2+ Ke6 41. Rf1 Qc4 42. Rf3 Qxa2+ 43. Kh3 Qb1 44. Kh2 a3 45. Rf1 a2 0-1

[Event "ChessKid Cup Div 3 W"]
[Site "chess.com INT"]
[Date "2023.05.22"]
[Round "1.2"]
[White "Bok, Benjamin"]
[Black "Navara, David"]
[Result "1/2-1/2"]
[WhiteTitle "GM"]
[BlackTitle "GM"]
[WhiteElo "2607"]
[BlackElo "2678"]
[WhiteFideId "1017063"]
[BlackFideId "309095"]
[EventDate "2023.05.22"]
[EventType "k.o."]

1. d4 d5 2. c4 e6 3. Nc3 c6 4. e3 Nf6 5. Nf3 Nbd7 6. Qc2 Bd6 7. b3 O-O 8. Be2 b6
9. O-O Bb7 10. Bb2 Qe7 11. Rad1 Rad8 12. Rfe1 Rfe8 13. Bf1 c5 14. cxd5 exd5 15.
dxc5 bxc5 16. Ne2 Rc8 17. Ng3 g6 18. Bb5 Bc6 19. Bxc6 Rxc6 20. Qc3 c4 21. Rxd5
Bb4 22. Rxd7 Qf8 23. Qd4 c3 24. Bc1 c2 25. Rf1 Bc3 26. Qa4 Rec8 27. Rd3 Rd6 28.
Rxd6 Qxd6 29. Ne4 Nxe4 30. Qxe4 Qd1 31. Nd4 Be1 32. Qb7 Rc3 33. Nxc2 Rxc2 34.
Qb8+ Kg7 35. Bb2+ f6 36. Qb7+ Kh6 37. Qf3 Bxf2+ 38. Qxf2 Rxf2 39. Rxd1 Rxb2 40.
Rd6 Rxa2 41. Rxf6 Kg5 42. Rf7 h5 43. h3 a5 44. Ra7 Kf5 45. b4 a4 46. b5 Ke5 47.
b6 Kd6 48. e4 Kc6 49. b7 Kc7 50. e5 Kb8 51. Ra5 Kxb7 52. e6 Kc7 53. e7 Kd7 54.
Ra7+ Ke8 55. h4 a3 56. Kh2 Ra1 57. Kg3 Kf7 58. Kh2 Ke8 59. Kg3 a2 60. Kh2 Kf7
61. Kg3 Ke8 62. Kh2 Re1 63. Rxa2 Rxe7 64. Kh3 Kf7 1/2-1/2

[Event "ChessKid Cup Div 3 W"]
[Site "chess.com INT"]
[Date "2023.05.22"]
[Round "1.1"]
[White "Lazavik, Denis"]
[Black "Gadimbayli, Abdulla"]
[Result "1-0"]
[WhiteTitle "GM"]
[BlackTitle "GM"]
[WhiteElo "2544"]
[BlackElo "2500"]
[WhiteFideId "13515110"]
[BlackFideId "13404938"]
[EventDate "2023.05.22"]
[EventType "k.o."]

1. d4 Nf6 2. c4 e6 3. Nf3 Nc6 4. Nc3 Bb4 5. Qc2 O-O 6. Bd2 d6 7. a3 Bxc3 8. Bxc3
Qe7 9. e4 e5 10. d5 Nd4 11. Nxd4 exd4 12. Bxd4 Qxe4+ 13. Qxe4 Nxe4 14. b4 Re8
15. O-O-O Bf5 16. Bd3 Bg6 17. Rhe1 Kf8 18. f3 Nf6 19. Bf1 a5 20. Rxe8+ Kxe8 21.
Kb2 b6 22. g4 Kf8 23. h4 h5 24. g5 Ng8 25. Re1 Bf5 26. Re3 f6 27. f4 Kf7 28. Be2
g6 29. Bc3 axb4 30. axb4 fxg5 31. fxg5 Re8 32. Rxe8 Kxe8 33. Be1 Ne7 34. Kc3 Bg4
35. Bd3 Bf5 36. Bf1 Bb1 37. Bg2 Nf5 38. Bf2 Kd7 39. Bf3 Ke8 40. Bd1 Be4 41. Ba4+
Ke7 42. Bc6 Kd8 43. Bb5 Ke7 44. Bc6 Kd8 45. Kb3 Ne7 46. Ba4 Nf5 47. Kc3 Ke7 48.
Bb3 Kd8 49. c5 bxc5 50. bxc5 dxc5 51. Kc4 c6 52. dxc6 Bxc6 53. Kxc5 Be4 54. Bf7
Ng7 55. Kd6 Ne8+ 56. Ke5 Bb1 57. Bc5 Kd7 58. Bb3 Bf5 59. Ba4+ Kd8 60. Bb4 Bb1
61. Bb3 Nc7 62. Kf6 Kd7 63. Ba4+ Kd8 64. Ba5 Kc8 65. Bxc7 Kxc7 66. Be8 1-0

[Event "ChessKid Cup Div 3 W"]
[Site "chess.com INT"]
[Date "2023.05.22"]
[Round "1.2"]
[White "Gadimbayli, Abdulla"]
[Black "Lazavik, Denis"]
[Result "1/2-1/2"]
[WhiteTitle "GM"]
[BlackTitle "GM"]
[WhiteElo "2500"]
[BlackElo "2544"]
[WhiteFideId "13404938"]
[BlackFideId "13515110"]
[EventDate "2023.05.22"]
[EventType "k.o."]

1. e4 e5 2. Nf3 Nc6 3. Bb5 Nf6 4. O-O Nxe4 5. Re1 Nd6 6. Bf1 Be7 7. Nc3 e4 8.
Nxe4 Nxe4 9. Rxe4 d5 10. Re1 O-O 11. d4 Bg4 12. c3 Bd6 13. h3 Bh5 14. g3 Ne7 15.
Bg2 c6 16. Qb3 Qc7 17. Ne5 f6 18. Nd3 Bf7 19. Nf4 Rfe8 20. Bd2 Ng6 21. Nxg6 Bxg6
22. c4 dxc4 23. Qxc4+ Bf7 24. Qc3 Qd7 25. Qd3 Bc7 26. b4 Bd5 27. Bf1 Rxe1 28.
Rxe1 Bxa2 29. b5 Bd5 30. Bb4 Re8 31. Ra1 Bb6 32. Bc5 cxb5 33. Qxb5 Qxb5 34. Bxb5
Rd8 35. Rd1 Kf7 36. Bb4 Bc6 37. Bc4+ Bd5 38. Bb5 Bc6 39. Bc4+ Bd5 40. Bb5 1/2-1/2

[Event "ChessKid Cup Div 3 W"]
[Site "chess.com INT"]
[Date "2023.05.22"]
[Round "2.1"]
[White "Sevian, Samuel"]
[Black "Chigaev, Maksim"]
[Result "1/2-1/2"]
[WhiteTitle "GM"]
[BlackTitle "GM"]
[WhiteElo "2684"]
[BlackElo "2628"]
[WhiteFideId "2040506"]
[BlackFideId "4108116"]
[EventDate "2023.05.22"]
[EventType "k.o."]

1. Nc3 d5 2. e4 e6 3. g4 Nf6 4. Bg2 Nc6 5. d3 dxe4 6. Nxe4 Nxe4 7. Bxe4 e5 8. h3
Be6 9. Nf3 Qd7 10. Qe2 O-O-O 11. Be3 f6 12. Rg1 Kb8 13. a3 h5 14. Nd2 hxg4 15.
hxg4 Nd4 16. Bxd4 Qxd4 17. c3 Qb6 18. O-O-O Bc5 19. Nc4 Bxc4 20. dxc4 Bxf2 21.
Rxd8+ Rxd8 22. Rd1 Qe3+ 23. Qxe3 Bxe3+ 24. Kc2 Rxd1 25. Kxd1 b6 26. a4 a5 27.
Ke2 Bc1 28. b3 Kc8 29. Kd3 Kd7 30. Bf5+ Ke7 31. Bg6 Ke6 32. c5 bxc5 33. Kc4 Bd2
34. Kd3 Be1 35. Kc4 e4 36. Bxe4 Ke5 37. Bf5 Kf4 38. Kd3 Kg5 39. Bc8 g6 40. Be6
Kf4 41. Bc8 f5 42. gxf5 gxf5 43. Be6 Ke5 44. Bc4 f4 45. Ke2 Bxc3 46. Kf3 Bd2 47.
Bg8 Be3 48. Bc4 Bd2 49. Bg8 Be3 50. Bc4 Bd2 1/2-1/2

[Event "ChessKid Cup Div 3 W"]
[Site "chess.com INT"]
[Date "2023.05.22"]
[Round "2.2"]
[White "Chigaev, Maksim"]
[Black "Sevian, Samuel"]
[Result "1/2-1/2"]
[WhiteTitle "GM"]
[BlackTitle "GM"]
[WhiteElo "2628"]
[BlackElo "2684"]
[WhiteFideId "4108116"]
[BlackFideId "2040506"]
[EventDate "2023.05.22"]
[EventType "k.o."]

1. e4 Nf6 2. e5 Nd5 3. d4 d6 4. c4 Nb6 5. f4 dxe5 6. fxe5 Bf5 7. Be3 e6 8. Nc3
Nc6 9. Nf3 Be7 10. Be2 O-O 11. O-O f6 12. exf6 Bxf6 13. Qd2 Qe7 14. Rad1 Rad8
15. Kh1 Kh8 16. h3 Bg6 17. Qc1 h6 18. b3 Bh5 19. Ne5 Bxe5 20. dxe5 Bxe2 21. Nxe2
Rxd1 22. Rxd1 Nxe5 23. Qc3 Nbd7 24. Nf4 Kg8 25. Qa5 b6 26. Qxa7 Nc5 27. Qa3 Rf5
28. b4 Nxc4 29. Qc1 Nxe3 30. Qxe3 Qf7 31. bxc5 Rxf4 32. cxb6 cxb6 33. Qxb6 Kh7
34. Qb1+ Qg6 35. Kg1 Qxb1 36. Rxb1 Ra4 37. Re1 Ra6 38. a4 Rxa4 39. Rxe6 1/2-1/2

[Event "ChessKid Cup Div 3 W"]
[Site "chess.com INT"]
[Date "2023.05.22"]
[Round "2.3"]
[White "Chigaev, Maksim"]
[Black "Sevian, Samuel"]
[Result "1/2-1/2"]
[WhiteTitle "GM"]
[BlackTitle "GM"]
[WhiteElo "2628"]
[BlackElo "2684"]
[WhiteFideId "4108116"]
[BlackFideId "2040506"]
[EventDate "2023.05.22"]
[EventType "k.o."]

1. d4 Nf6 2. c4 e6 3. Nf3 d5 4. g3 dxc4 5. Bg2 c5 6. O-O Nc6 7. dxc5 Qxd1 8.
Rxd1 Bxc5 9. Nbd2 c3 10. bxc3 O-O 11. Nb3 Be7 12. Nfd4 Bd7 13. Nb5 Rfd8 14. Be3
a6 15. Nd6 Bxd6 16. Rxd6 Be8 17. Rxd8 Nxd8 18. Na5 Nd5 19. Bd2 b5 20. c4 bxc4
21. Nxc4 Bb5 22. Bxd5 exd5 23. Nb6 Rb8 24. Nxd5 Bxe2 25. Re1 Bb5 26. Nc7 Nc6 27.
Bf4 Rc8 28. Nxb5 axb5 29. Rc1 f6 30. g4 Kf7 31. Kg2 Ke6 32. Rc5 Na7 33. Rh5 h6
34. Be3 Ra8 35. Rc5 Kd6 36. Kf3 Nc6 37. Rxb5 Rxa2 38. Rb7 Ne5+ 39. Kg3 Nd7 40.
h4 Ke6 41. Rc7 Ra3 42. h5 Rb3 43. Kg2 Rd3 44. Ra7 Rb3 45. Bc1 Rd3 46. Bb2 Kf7
47. Ba1 Kg8 48. f4 Rd5 49. Kf3 Nf8 50. Ke4 Rb5 51. Bd4 Ne6 52. Be3 Kh7 53. Re7
Rb4+ 54. Kf5 Nd4+ 55. Bxd4 Rxd4 1/2-1/2

[Event "ChessKid Cup Div 3 W"]
[Site "chess.com INT"]
[Date "2023.05.22"]
[Round "2.1"]
[White "Pichot, Alan"]
[Black "Tari, Aryan"]
[Result "1/2-1/2"]
[WhiteTitle "GM"]
[BlackTitle "GM"]
[WhiteElo "2638"]
[BlackElo "2642"]
[WhiteFideId "110973"]
[BlackFideId "1510045"]
[EventDate "2023.05.22"]
[EventType "k.o."]

1. e4 e5 2. Nf3 Nc6 3. Bb5 Nf6 4. d3 Bc5 5. c3 O-O 6. O-O d5 7. exd5 Qxd5 8. Bc4
Qd8 9. Nbd2 h6 10. b4 Bd6 11. h3 Re8 12. Qc2 Bf5 13. Ne4 Nxe4 14. dxe4 Be6 15.
Bxe6 Rxe6 16. Be3 Qe8 17. a4 Bf8 18. Nd2 Nb8 19. Nc4 Nd7 20. Rfd1 a6 21. Na5 b6
22. Nb3 Nf6 23. f3 Rc6 24. b5 Rd6 25. c4 Rxd1+ 26. Rxd1 axb5 27. axb5 Ra3 28.
Ra1 Rxa1+ 29. Nxa1 Nd7 30. Nb3 Qa8 31. Qd3 Bd6 32. Kh2 Qa3 33. Qc2 Nc5 34. Bxc5
Bxc5 35. Nxc5 Qxc5 1/2-1/2

[Event "ChessKid Cup Div 3 W"]
[Site "chess.com INT"]
[Date "2023.05.22"]
[Round "2.2"]
[White "Tari, Aryan"]
[Black "Pichot, Alan"]
[Result "0-1"]
[WhiteTitle "GM"]
[BlackTitle "GM"]
[WhiteElo "2642"]
[BlackElo "2638"]
[WhiteFideId "1510045"]
[BlackFideId "110973"]
[EventDate "2023.05.22"]
[EventType "k.o."]

1. e4 e5 2. Nf3 Nc6 3. Bb5 a6 4. Ba4 Nge7 5. c3 Ng6 6. d4 exd4 7. h4 d3 8. Qxd3
Bd6 9. Bg5 f6 10. Be3 O-O 11. Nbd2 Nf4 12. Qf1 Ne5 13. Bb3+ Kh8 14. Nxe5 fxe5
15. Nc4 Qe7 16. O-O-O Bc5 17. Bxc5 Qxc5 18. Ne3 a5 19. g3 a4 20. Bc4 Nh5 21. Rd5
Qe7 22. Nf5 Qe8 23. Rc5 d6 24. Rxc7 Qd8 25. Rf7 a3 26. Rxf8+ Qxf8 27. Ne3 axb2+
28. Kxb2 Qf3 29. Bd5 Nf6 30. Qe1 Nxd5 31. Nxd5 Be6 32. Nb4 Rf8 33. Rh2 Rc8 34.
Qe3 Rf8 35. Qd2 Qxe4 36. Qxd6 Re8 37. f4 Bf5 38. Qd1 exf4 39. gxf4 Qxf4 40. Re2
Rc8 41. Qd4 Qf1 42. Ka3 Qxe2 43. Nd5 Qa6+ 44. Kb2 Qd6 45. h5 h6 0-1